000 00615nam a22002297a 4500
003 UA-OsUOA
001 59271
007 ta
008 20090317b un ||||| |||| 00| 0 ukr d
090 _a323:364(8)
_bЛ27
942 _cBK
040 _aUA-OsUOA
_brus
_cUA-OsUOA
_dUA-OsUOA
245 _aЛатинская Америка ХХ века. Социальная антропология бедности
300 _a287 с.
955 _a2
041 _arus
080 _a323:364(8)
020 _a5-02-035134-2
260 _aМ.
_bНаука
_c2006
650 7 _a32 Політика
_2UDC
999 _c345363
_d345363